|
|
|
|
| LEADER |
00000nab#a22000007a#4500 |
| 001 |
arbauad011945 |
| 003 |
AR-BaUAD |
| 005 |
20250711111218.0 |
| 008 |
950613|||||||||###||||||b###|0###a|spa|| |
| 040 |
|
|
|a AR-BaUAD
|c AR-BaUAD
|b spa
|
| 245 |
1 |
0 |
|a L'Uomo Vogue
|b pre-view per estate '94
|
| 300 |
0 |
|
|b fot.
|
| 500 |
|
|
|a Camisas, chalecos, corbatas, tejidos de punto, todas las tendencias de moda para el verano '94.
|
| 653 |
|
|
|a ITALIA
|
| 653 |
|
|
|a ACCESORIOS
|
| 653 |
|
|
|a TENDENCIAS
|
| 653 |
|
|
|a COLECCIONES
|
| 653 |
|
|
|a MODA
|
| 653 |
|
|
|a INDUMENTARIA MASCULINA
|
| 653 |
|
|
|a DISEÑADORES DE INDUMENTARIA
|
| 653 |
|
|
|a DISEÑO DE INDUMENTARIA
|
| 653 |
|
|
|a PRIMAVERA VERANO 1994
|
| 653 |
|
|
|a TIPOLOGIAS
|
| 653 |
|
|
|a CORBATAS
|
| 653 |
|
|
|a CHALECOS
|
| 773 |
0 |
|
|t L'Uomo Vogue
|g no. 244 [oct. 1993], p. 105-131
|
| 942 |
|
|
|c ARTI
|
| 952 |
|
|
|0 0
|1 0
|4 0
|7 0
|9 56865
|a AR-BAuAD
|b AR-BAuAD
|d 2025-07-11
|l 0
|p AAQA011945
|r 2025-07-11 11:12:18
|w 2025-07-11
|y ARTI
|
| 990 |
|
|
|a DT199
|b TD
|
| 998 |
|
|
|a AAQ
|b BIBUN76
|
| 999 |
|
|
|c 36538
|d 36538
|